000 00345nam a22001457a 4500
008 221107b ||||| |||| 00| 0 eng d
020 _a2901450411171
041 _aeng
080 _2SIXTH EDITION
_a615.83
082 _a615.83HOW
100 _a16.2
101 _aEGZ
245 _aFITNESS PROFESSIONAL'S HANDBOOK
_cHOWLEY E
942 _2udc
_cBK
999 _c58757
_d58757